000 00308nam a22001337a 4500
008 170424b xxu||||| |||| 00| 0 eng d
020 _a0070596611
041 _aeng
080 _a54
100 _a12
101 _aSHM
245 _aGENERAL, ORGANIC, AND BIOLOGICAL CHEMISTRY
_cSOLOMON, S
942 _2udc
_cBK
999 _c11690
_d11690